000 00537nam a2200157 a 4500
008 120416s1972 ||||||||||||||||| || u
020 _a0471189901
050 _aQA 303 Cur
100 _aCurtis, Philip Chadsay
245 1 0 _aCalculus with an introduction to vectors
260 _aLondon
_bJohn Wiley and Sons
_c1972
300 _axi, 471p. : ill.
350 _a0.00
650 0 _aCALCULUS
995 _D0.00
_FCBU-MAIN LIBRARY (Kitwe)
_H1
_I23.50
_UDAMAGED
_ZMain Library Open Access Collection
999 _c36608
_d36608